00739nam a2200205 a 450000100060000000300090000600800410001504000280005608200160008410000290010024500830012926000310021230000080024350501390025165000250039065000380041565000360045365000160048965000280050522522CO-ViMGA141112s2004 ck r 000 u spa d aCO-ViMGAbspacCO-ViMGA04a519.5 M177i1 aPliego López, Martín10aIntroducción a la estadistica económica y empresaria : bTeoria y Practica aMadrid : bThonson, c2004 a599 aLa estadistica aplicada a la Economía 3 - 9 - - Análisis estadístico de una variable 13 - 34 - - Medidas de posición 35 - 68 14aANALISIS ESTADISTICO14aEconomía - METODOS ESTADISTICOS14aEMPRESAS - METODOS ESTADISTICOS14aESTADISTICA14aESTADISTICA DESCRIPTIVA